<?xml version="1.0" encoding="UTF-8"?>
<collection xmlns="http://www.loc.gov/MARC21/slim">
 <record>
  <leader>02336pam a22002658a 4500</leader>
  <controlfield tag="001">00020432</controlfield>
  <controlfield tag="005">20171026081023.0</controlfield>
  <controlfield tag="008">110518s2007                  ||||||Viesd</controlfield>
  <datafield tag="041" ind1="0" ind2="#">
   <subfield code="a">Vie</subfield>
  </datafield>
  <datafield tag="082" ind1="1" ind2="4">
   <subfield code="a">540.71</subfield>
   <subfield code="b">GI108TR</subfield>
  </datafield>
  <datafield tag="100" ind1="0" ind2="#">
   <subfield code="a">Nguyễn Cương</subfield>
   <subfield code="e">chủ biên</subfield>
  </datafield>
  <datafield tag="245" ind1="0" ind2="0">
   <subfield code="a">Giáo trình phương pháp dạy học hóa học</subfield>
   <subfield code="b">Sách dành cho CĐSP</subfield>
   <subfield code="c">Nguyễn Cương, Nguyễn Mạnh Dung</subfield>
   <subfield code="n">T.3</subfield>
   <subfield code="p">Hướng dẫn thực hành và giải bài tập hóa học</subfield>
  </datafield>
  <datafield tag="260" ind1="#" ind2="#">
   <subfield code="a">H.</subfield>
   <subfield code="b">ĐH Sư phạm</subfield>
   <subfield code="c">2007</subfield>
  </datafield>
  <datafield tag="300" ind1="#" ind2="#">
   <subfield code="a">108 tr.</subfield>
   <subfield code="c">24 cm.</subfield>
  </datafield>
  <datafield tag="500" ind1="#" ind2="#">
   <subfield code="a">Bộ GD &amp; ĐT. Dự án đào tạo giáo viên THCS</subfield>
  </datafield>
  <datafield tag="650" ind1="#" ind2="4">
   <subfield code="a">Giáo trình</subfield>
  </datafield>
  <datafield tag="650" ind1="#" ind2="4">
   <subfield code="a">Phương pháp giảng dạy</subfield>
  </datafield>
  <datafield tag="653" ind1="#" ind2="#">
   <subfield code="a">Hóa học</subfield>
  </datafield>
  <datafield tag="700" ind1="0" ind2="#">
   <subfield code="a">Nguyễn Mạnh Dung</subfield>
   <subfield code="e">tác giả</subfield>
  </datafield>
  <datafield tag="852" ind1="#" ind2="#">
   <subfield code="b">Kho giáo trình</subfield>
   <subfield code="j">KGT.0007306, KGT.0007307, KGT.0007308, KGT.0007309, KGT.0007310, KGT.0007311, KGT.0007312, KGT.0007313, KGT.0007314, KGT.0007315, KGT.0007316, KGT.0007317, KGT.0007318, KGT.0007319, KGT.0007320, KGT.0007321, KGT.0007322, KGT.0007323, KGT.0007324, KGT.0007325, KGT.0007326, KGT.0007327, KGT.0007328, KGT.0007329, KGT.0007330, KGT.0007331, KGT.0007332, KGT.0007333, KGT.0007334, KGT.0007335, KGT.0007336, KGT.0007337, KGT.0007338, KGT.0007339, KGT.0007340, KGT.0007341, KGT.0007384, KGT.0007385, KGT.0007386, KGT.0007387, KGT.0007388, KGT.0007389, KGT.0007390, KGT.0007391, KGT.0007392, KGT.0007393, KGT.0007394, KGT.0032606, KGT.0032721</subfield>
  </datafield>
  <datafield tag="852" ind1="#" ind2="#">
   <subfield code="b">Kho mượn</subfield>
   <subfield code="j">KGT.0007306</subfield>
  </datafield>
  <datafield tag="852" ind1="#" ind2="#">
   <subfield code="b">Kho đọc</subfield>
   <subfield code="j">KD.0005907</subfield>
  </datafield>
  <datafield tag="852" ind1="#" ind2="#">
   <subfield code="j">KD.0005907</subfield>
   <subfield code="j">KGT.0007317</subfield>
   <subfield code="j">KGT.0007318</subfield>
   <subfield code="j">KGT.0007320</subfield>
   <subfield code="j">KGT.0007321</subfield>
   <subfield code="j">KGT.0007323</subfield>
   <subfield code="j">KGT.0007324</subfield>
   <subfield code="j">KGT.0007326</subfield>
   <subfield code="j">KGT.0007327</subfield>
   <subfield code="j">KGT.0007329</subfield>
   <subfield code="j">KGT.0007330</subfield>
   <subfield code="j">KGT.0007332</subfield>
   <subfield code="j">KGT.0007333</subfield>
   <subfield code="j">KGT.0007335</subfield>
   <subfield code="j">KGT.0007336</subfield>
   <subfield code="j">KGT.0007307</subfield>
   <subfield code="j">KGT.0007308</subfield>
   <subfield code="j">KGT.0007310</subfield>
   <subfield code="j">KGT.0007311</subfield>
   <subfield code="j">KGT.0007313</subfield>
   <subfield code="j">KGT.0007314</subfield>
   <subfield code="j">KGT.0007316</subfield>
   <subfield code="j">KGT.0007339</subfield>
   <subfield code="j">KGT.0007340</subfield>
   <subfield code="j">KGT.0007341</subfield>
   <subfield code="j">KGT.0007385</subfield>
   <subfield code="j">KGT.0007386</subfield>
   <subfield code="j">KGT.0007388</subfield>
   <subfield code="j">KGT.0007389</subfield>
   <subfield code="j">KGT.0007391</subfield>
   <subfield code="j">KGT.0007392</subfield>
   <subfield code="j">KGT.0007394</subfield>
   <subfield code="j">KGT.0032606</subfield>
   <subfield code="j">KGT.0007306</subfield>
   <subfield code="j">KGT.0007309</subfield>
   <subfield code="j">KGT.0007312</subfield>
   <subfield code="j">KGT.0007315</subfield>
   <subfield code="j">KGT.0007319</subfield>
   <subfield code="j">KGT.0007322</subfield>
   <subfield code="j">KGT.0007325</subfield>
   <subfield code="j">KGT.0007328</subfield>
   <subfield code="j">KGT.0007331</subfield>
   <subfield code="j">KGT.0007334</subfield>
   <subfield code="j">KGT.0007337</subfield>
   <subfield code="j">KGT.0007338</subfield>
   <subfield code="j">KGT.0007384</subfield>
   <subfield code="j">KGT.0007387</subfield>
   <subfield code="j">KGT.0007390</subfield>
   <subfield code="j">KGT.0007393</subfield>
   <subfield code="j">KGT.0032721</subfield>
   <subfield code="j">KGT.0055646</subfield>
  </datafield>
  <datafield tag="910" ind1="0" ind2="#">
   <subfield code="a">nhnam</subfield>
   <subfield code="d">18/05/2011</subfield>
  </datafield>
  <datafield tag="980" ind1="#" ind2="#">
   <subfield code="a">Trung tâm Học liệu Lê Vũ Hùng, Trường Đại học Đồng Tháp</subfield>
  </datafield>
 </record>
</collection>
